Language Quiz

Random Language or Letter Quiz

1-10 Letter A Words Quiz Stats

 Plays Quiz Updated Oct 28, 2014

Challenge
Share
Tweet
Embed
Score 0/10 Timer 02:00
10 Plays Today
Clue A-Word % Correct
An article for use before a consonant sounda
100%
First person singular form of to beam
95.6%
The fabled lost city that sank into the oceanAtlantis
89.3%
A prize or honor for an achievementaward
89.1%
The list of items to be covered in a meetingagenda
87.5%
To be sickail
81.5%
A musical instrument also called a squeeze boxaccordion
70.1%
Dark Ages pseudo-science of turning lead to goldalchemy
68.8%
A blue-green color or gemstone of that coloraquamarine
62.8%
The semicircular part of the church near the naveapse
37.2%

You're not logged in!

Compare scores with friends on all Sporcle quizzes.
OR
Log In

You Might Also Like...

Show Comments

Extras

Top Quizzes Today


Score Distribution

Your Account Isn't Verified!

In order to create a playlist on Sporcle, you need to verify the email address you used during registration. Go to your Sporcle Settings to finish the process.

Report this User

Report this user for behavior that violates our Community Guidelines.

Details: